|
|
|
|
| LEADER |
00000nas a2200000 4500 |
| 001 |
ssj0035990 |
| 003 |
WaSeSS |
| 005 |
20200512172242.0 |
| 006 |
m d |
| 007 |
cr n |
| 008 |
750508c19689999scufr p s 0 a0eng |
| 010 |
|
|
|a 73643713
|
| 016 |
7 |
|
|a 012312681
|2 DE-101
|
| 016 |
7 |
|
|a 415977-9
|2 DE-600
|
| 022 |
|
|
|l 0038-3163
|y 0038-3163
|
| 035 |
|
|
|a (WaSeSS)ssj0035990
|
| 037 |
|
|
|b The South Carolina Review, Dept. of English, Clemson University, Clemson, S.C., 29634-1503
|
| 040 |
|
|
|a DLC
|b eng
|c DLC
|d NSD
|d DLC
|d OCL
|d DLC
|d OCL
|d NSD
|d AIP
|d NSD
|d AIP
|d NSD
|d DLC
|d NST
|d EBZ
|d IUL
|d NST
|d OCLCQ
|d HEBIS
|d GBVCP
|d OCLCO
|d OCLCQ
|d OCLCF
|d OCLCA
|d OCLCO
|d OCL
|d XFH
|d GILDS
|d OCLCA
|d OCLCQ
|d PAU
|d OCLCQ
|d IUL
|d HTM
|d OCLCO
|d WaSeSS
|
| 042 |
|
|
|a pcc
|a nsdp
|
| 043 |
|
|
|a n-us-sc
|
| 050 |
0 |
0 |
|a PS558.S6
|b S67
|
| 082 |
0 |
4 |
|a 810/.8/0054
|
| 210 |
0 |
|
|a S.C. rev.
|
| 222 |
|
0 |
|a South Carolina review
|
| 245 |
0 |
4 |
|a The South Carolina review
|h [electronic resource].
|
| 260 |
|
|
|a [Clemson, S.C., etc.]
|b [College of Liberal Arts at Clemson University, etc.]
|
| 310 |
|
|
|a Semiannual
|
| 362 |
0 |
|
|a v. 1- Nov. 1968-
|
| 490 |
1 |
|
|a v. 1-<v. 3, no. 2>: Furman University bulletin
|
| 506 |
|
|
|a License restrictions may limit access.
|
| 515 |
|
|
|a Vol. 16, no. 1 (fall 1983) called also: Tenth anniversary issue; Vol. 19 has additional special issue (summer 1987).
|
| 550 |
|
|
|a Issued Nov. 1968-June 1973 by Furman University.
|
| 555 |
|
|
|a Vol. 6, no. 1 (Nov. 1973)-v. 12, no. 2 (1980), in v. 12, no. 2.
|
| 648 |
|
7 |
|a 1900-1999
|2 fast
|
| 650 |
|
0 |
|a American literature
|z South Carolina
|v Periodicals.
|
| 650 |
|
0 |
|a American literature
|y 20th century
|v Periodicals.
|
| 650 |
|
0 |
|a American literature
|z South Carolina
|x History and criticism
|v Periodicals.
|
| 650 |
|
0 |
|a American literature
|x History and criticism
|v Periodicals.
|
| 650 |
|
7 |
|a American literature.
|2 fast
|0 (OCoLC)fst00807113
|
| 651 |
|
7 |
|a South Carolina.
|2 fast
|0 (OCoLC)fst01204600
|
| 655 |
|
0 |
|a Electronic journals.
|
| 710 |
2 |
|
|a Clemson University.
|
| 710 |
2 |
|
|a Furman University.
|
| 830 |
|
0 |
|a Furman University bulletin.
|
| 850 |
|
|
|a AAP
|a CU-SB
|a DLC
|a InU
|a MsU
|a ViW
|
| 856 |
4 |
0 |
|z Full text available from Research Library: 10/01/2004 to 04/30/2006
|u https://search.proquest.com/publication/43167
|